| 000 | 00862nab a2200253 4500 | ||
|---|---|---|---|
| 003 | BR-BrBNA | ||
| 005 | 20240815094113.0 | ||
| 008 | 240808b bl.||||| |||| 00| 0 por d | ||
| 040 |
_aBR-BrBNA _bpor |
||
| 072 |
_aF30 _b0430 |
||
| 100 | _aPortz, Neca | ||
| 245 | _aCotonicultura ganha tecnologia transgênica | ||
| 500 | _a1 illus. | ||
| 650 | _aCOTONICULTURA | ||
| 650 | _aALGODÃO | ||
| 650 | _aBIOTECNOLOGIA | ||
| 650 | _aORGANISMO TRANSGÊNICO | ||
| 650 | _aVARIEDADE RESISTENTE | ||
| 650 | _aORGANISMO GENETICAMENTE MODIFICADO | ||
| 650 | _aMELHORAMENTO GENÉTICO VEGETAL | ||
| 773 | 0 |
_04604 _9317182 _dPalmas - Tocantins Terranova Gráfica e Editora Jornalística Ltda 2005 _o2024-3806 _tCerrado Rural Agronegócios (Brazil) _x1980-2595 _gv. 3(11) p. 23; (Oct 2005) _wBR2024002405 |
|
| 942 | _cAnalítica | ||
| 999 |
_c300801 _d300801 |
||